[Event "Ch France (team) (2) 2001/02"]
[Site "masterchessopen.com France"]
[Round "1"]
[White "Bremond Pascal (FRA)"]
[Black "Gregoire Sylvain (FRA)"]
[Result "0-1"]
[WhiteElo "2052"]
[BlackElo "2179"]

1.d4 d5 2.c4 c6 3.Nc3 Nf6 4.Nf3 e6 5.Bg5 dxc4 6.e4 b5 7.e5 h6 8.Bh4 g5 9.Nxg5
hxg5 10.Bxg5 Nbd7 11.exf6 Bb7 12.g3 Qb6 13.Bg2 O-O-O 14.O-O e5 15.d5 Nc5
16.Qg4+ Kb8 17.Rad1 Nd3 18.Be3 Bc5 19.Bxc5 Qxc5 20.dxc6 Bxc6 21.a4 Rhg8 22.Qh5
Bxg2 23.Kxg2 Nf4+ {#R} 0-1

[Event "Ch France (team) (juniors) 2000/01"]
[Site "masterchessopen.com France"]
[Round "9"]
[White "Verot Melanie (FRA)"]
[Black "Feyte Pierre (FRA)"]
[Result "0-1"]
[WhiteElo "2137"]
[BlackElo "2098"]

1.d4 d5 2.c4 c6 3.Nc3 Nf6 4.Nf3 e6 5.Bg5 dxc4 6.e4 b5 7.e5 h6 8.Bh4 g5 9.Nxg5
hxg5 10.Bxg5 Nbd7 11.exf6 Qb6 12.g3 c5 13.d5 Bb7 14.Bg2 O-O-O 15.O-O b4 16.Na4
Qb5 17.dxe6 Bxg2 18.Kxg2 Qc6+ 19.Kg1 Ne5 20.Qxd8+ Kxd8 21.Rfd1+ Bd6 22.Bf4
Nf3+ 23.Kf1 Nd4 24.Bxd6 Qh1# 0-1

[Event "It (cat.2) (a)"]
[Site "masterchessopen.com Gausdal (Norway)"]
[Round "7"]
[White "Caoili Arianne (AUS)"]
[Black "Hole Oystein (NOR)"]
[Result "0-1"]
[WhiteElo "2257"]
[BlackElo "2248"]

1.d4 d5 2.Nf3 Nf6 3.c4 c6 4.Nc3 e6 5.Bg5 dxc4 6.e4 b5 7.e5 h6 8.Bh4 g5 9.Nxg5
hxg5 10.Bxg5 Nbd7 11.exf6 Bb7 12.Be2 Qb6 13.O-O O-O-O 14.b3 b4 15.Ne4 c5
16.Nd2 c3 17.Nc4 Qc7 18.h3 cxd4 19.Qxd4 Bc5 20.Qd1 Rxh3 21.Bg4 {#R} 0-1

[Event "Bundesliga (2nd) 2001/02 (w)"]
[Site "masterchessopen.com Germany"]
[Round "4"]
[White "Leveikina Jevgenija (GER)"]
[Black "Buechle Regina (GER)"]
[Result "1-0"]
[WhiteElo "2021"]
[BlackElo "1956"]

1.d4 d5 2.c4 c6 3.Nc3 e6 4.Nf3 Nf6 5.Bg5 dxc4 6.e4 b5 7.e5 h6 8.Bh4 g5 9.exf6
gxh4 10.Nxh4 Qxf6 11.g3 Bb4 12.Bg2 Bb7 13.O-O Bxc3 14.bxc3 Nd7 15.Qe2 O-O-O
16.a4 a6 17.axb5 axb5 18.Ra7 e5 19.Qa2 Nb6 20.Qa5 Nd5 21.Bh3+ Kb8 22.Ra1 Qe7
23.Ra8+ Bxa8 24.Qxa8+ Kc7 25.Qa7+ {#r} 1-0

[Event "Oberliga Northeast 2001/02"]
[Site "masterchessopen.com Germany"]
[Round "1"]
[White "Berthold Andreas (GER)"]
[Black "Kleeschaetzky Rainer (GER)"]
[Result "0-1"]
[WhiteElo "2157"]
[BlackElo "2318"]

1.d4 d5 2.c4 c6 3.Nf3 Nf6 4.Nc3 e6 5.Bg5 dxc4 6.e4 b5 7.e5 h6 8.Bh4 g5 9.Nxg5
hxg5 10.Bxg5 Nbd7 11.exf6 Bb7 12.g3 Qb6 13.Bg2 O-O-O 14.O-O Bh6 15.Bxh6 Rxh6
16.Ne4 c5 17.Nxc5 Bxg2 18.Nxd7 Qb7 19.Nc5 Qd5 20.h4 Bf3 {#R} 0-1

[Event "It (open)"]
[Site "masterchessopen.com Graz (Austria)"]
[Round "3"]
[White "Polansek Justin (AUT)"]
[Black "Berger Stefan (SUI)"]
[Result "1-0"]
[WhiteElo "2055"]
[BlackElo "2003"]

1.d4 d5 2.c4 e6 3.Nf3 Nf6 4.Nc3 c6 5.Bg5 dxc4 6.a4 Bb4 7.Qc2 Nbd7 8.e3 b5
9.Be2 Bb7 10.O-O a6 11.Rfd1 Qb6 12.Ne5 O-O 13.Ne4 Nxe5 14.Bxf6 Ng6 15.Be5 Rfd8
16.Bg3 Rd7 17.h4 Rad8 18.h5 Nf8 19.h6 g6 20.Nf6+ Kh8 21.Be5 {#r} 1-0

[Event "It (open)"]
[Site "masterchessopen.com Helsinki (Finland)"]
[Round "7"]
[White "Paldanius Pekka (FIN)"]
[Black "Sammalvuo Tapani (FIN)"]
[Result "0-1"]
[WhiteElo "2239"]
[BlackElo "2420"]

1.Nf3 Nf6 2.c4 e6 3.Nc3 d5 4.d4 c6 5.Bg5 dxc4 6.e4 b5 7.e5 h6 8.Bh4 g5 9.Nxg5
hxg5 10.Bxg5 Nbd7 11.exf6 Bb7 12.g3 c5 13.d5 Qb6 14.Bg2 b4 15.Na4 Qb5 16.O-O
O-O-O 17.Re1 Nb8 18.Qc2 Bxd5 19.Bf1 Nc6 {#R} 0-1

[Event "Cup Glorney"]
[Site "masterchessopen.com Hyeres (France)"]
[Round "4"]
[White "Templier Nicolas (FRA)"]
[Black "Galicek Stanislav (CZE)"]
[Result "1-0"]
[WhiteElo "2264"]
[BlackElo "2164"]

1.d4 d5 2.c4 c6 3.Nf3 Nf6 4.Nc3 e6 5.Bg5 dxc4 6.a4 Bb4 7.e4 Qa5 8.Bd2 Nbd7
9.Bxc4 O-O 10.e5 Nd5 11.O-O Nxc3 12.bxc3 Bxc3 13.Ra3 Bxd2 14.Nxd2 Rd8 15.Rh3
Nf8 16.Ne4 Qb4 17.Qh5 Qe7 18.Bd3 h6 19.Nf6+ Kh8 20.Rg3 Nd7 21.Rxg7 Kxg7
22.Qg4+ Kh8 23.Qe4 Nf8 24.Qh4 {#r} 1-0

[Event "Ch Republic Srpska (team)"]
[Site "masterchessopen.com Jahorina (Bosnia & Herzegovina)"]
[Round "8"]
[White "Mihic Bojan (SRB)"]
[Black "Savanovic Aleksandar (BIH)"]
[Result "0-1"]
[WhiteElo "2378"]
[BlackElo "2438"]

1.d4 d5 2.c4 c6 3.Nc3 Nf6 4.Nf3 e6 5.Bg5 dxc4 6.e4 b5 7.e5 h6 8.Bh4 g5 9.exf6
gxh4 10.Ne5 Qxf6 11.Be2 Nd7 12.Nxc6 Bb7 13.Bf3 a6 14.O-O Rc8 15.d5 Bxc6
16.dxc6 Ne5 17.Kh1 Nxc6 18.Bxc6+ Rxc6 19.Qg4 Bg7 20.Qe4 Rc8 21.a4 O-O 22.axb5
axb5 23.Nxb5 Qxb2 24.Nd6 Qxa1 25.Rxa1 Bxa1 26.Nxc4 Rfd8 {#R} 0-1

[Event "Ch Nordic School"]
[Site "masterchessopen.com Laugar (Iceland)"]
[Round "6"]
[White "Palo Davor (DEN)"]
[Black "Liitiainen Elia (FIN)"]
[Result "1-0"]
[WhiteElo "2327"]
[BlackElo "2178"]

1.d4 Nf6 2.c4 e6 3.Nc3 d5 4.Nf3 c6 5.Bg5 dxc4 6.e4 b5 7.e5 h6 8.Bh4 g5 9.Nxg5
hxg5 10.Bxg5 Nbd7 11.exf6 Bb7 12.g3 c5 13.d5 Bh6 14.Bxh6 Rxh6 15.Bg2 Ne5
16.O-O b4 17.Qa4+ Kf8 18.dxe6 Qxf6 19.Bxb7 Rb8 20.Bg2 bxc3 21.Qxa7 Re8
22.Qxc5+ {#r} 1-0

[Event "Ch World (juniors) (under 12)"]
[Site "masterchessopen.com Oropesa (Spain)"]
[Round "2"]
[White "Gonzalez Merino Alberto (ESP)"]
[Black "Bonnet Edouard (FRA)"]
[Result "0-1"]
[WhiteElo "2203"]
[BlackElo "2128"]

1.d4 d5 2.c4 c6 3.Nf3 Nf6 4.Nc3 e6 5.Bg5 dxc4 6.e4 b5 7.e5 h6 8.Bh4 g5 9.Nxg5
hxg5 10.Bxg5 Nbd7 11.exf6 Bb7 12.g3 c5 13.d5 Nxf6 14.Bg2 Be7 15.O-O Nxd5
16.Bxe7 Kxe7 17.Nxb5 Qb6 18.Nc3 Nxc3 19.bxc3 Bxg2 20.Kxg2 Qb7+ 21.Kg1 Rxh2
22.f3 {#R} 0-1

[Event "Ch Paris (open)"]
[Site "masterchessopen.com Paris (France)"]
[Round "4"]
[White "Emmenecker Philippe (FRA)"]
[Black "Ballester Alexandre (FRA)"]
[Result "1-0"]
[WhiteElo "2204"]
[BlackElo "2110"]

1.d4 d5 2.Nf3 Nf6 3.c4 c6 4.Nc3 e6 5.Bg5 dxc4 6.e4 b5 7.e5 h6 8.Bh4 g5 9.exf6
gxh4 10.Ne5 Bb7 11.Nxf7 Qxf6 12.Nxh8 Qxh8 13.Qh5+ {#r} 1-0

[Event "Ch Paris (open)"]
[Site "masterchessopen.com Paris (France)"]
[Round "7"]
[White "Timoshenko Georgy (UKR)"]
[Black "Bergez Luc (FRA)"]
[Result "1-0"]
[WhiteElo "2555"]
[BlackElo "2383"]

1.d4 d5 2.c4 c6 3.Nc3 Nf6 4.Nf3 e6 5.Bg5 dxc4 6.e4 b5 7.e5 h6 8.Bh4 g5 9.Nxg5
hxg5 10.Bxg5 Nbd7 11.g3 Bb7 12.Bg2 Qb6 13.exf6 c5 14.d5 O-O-O 15.O-O Bh6
16.Bxh6 Rxh6 17.Qd2 Rdh8 18.h4 Nxf6 19.dxe6 Bxg2 20.exf7 Rxh4 21.gxh4 Qe6
22.Qh6 Qh3 23.Qxh8+ Kb7 24.Qa8+ {#r} 1-0

[Event "It (open)"]
[Site "masterchessopen.com Rhein an Main (Germany)"]
[Round "0"]
[White "Reitz Helmut (GER)"]
[Black "Hatarik Robert (GER)"]
[Result "0-1"]
[WhiteElo "1850"]
[BlackElo "2179"]

1.d4 d5 2.Nf3 Nf6 3.c4 e6 4.Nc3 c6 5.Bg5 dxc4 6.e4 b5 7.e5 h6 8.Bh4 g5 9.Nxg5
hxg5 10.Bxg5 Nbd7 11.exf6 Bb7 12.g3 Qb6 13.Bg2 O-O-O 14.O-O Bh6 15.Ne4 c5
16.Qc2 Bxe4 17.Qxe4 Bxg5 18.a4 b4 19.a5 Qa6 20.dxc5 Nxf6 21.Qe5 Rhg8 22.c6 Nd5
23.c7 Rd7 24.Ra4 Bf6 25.Qe4 Qb5 26.Rfa1 Bxb2 {#R} 0-1

[Event "It (open)"]
[Site "masterchessopen.com Saint-Affrique (France)"]
[Round "6"]
[White "Maupin Valerie (FRA)"]
[Black "Godon Philippe (FRA)"]
[Result "1-0"]
[WhiteElo "2027"]
[BlackElo "2075"]

1.d4 d5 2.c4 c6 3.Nc3 Nf6 4.Nf3 e6 5.Bg5 dxc4 6.e4 b5 7.a4 Bb4 8.e5 h6 9.Bh4
g5 10.Nxg5 hxg5 11.Bxg5 Nbd7 12.axb5 Bxc3+ 13.bxc3 Nxe5 14.dxe5 Qxd1+ 15.Rxd1
Nd5 16.Bxc4 Rg8 17.h4 Bd7 18.bxc6 Bxc6 19.Rd3 Nb6 20.Ba6 Bxg2 21.Bb5+ Kf8
22.Rg1 Bd5 23.Rdg3 Rh8 24.Bf6 {#r} 1-0

[Event "It (open)"]
[Site "masterchessopen.com Sevilla (Spain)"]
[Round "5"]
[White "Moskalenko Viktor (UKR)"]
[Black "Cifuentes Parada Roberto (ESP)"]
[Result "0-1"]
[WhiteElo "2522"]
[BlackElo "2522"]

1.c4 e6 2.Nc3 d5 3.d4 c6 4.Nf3 Nf6 5.Bg5 dxc4 6.e4 b5 7.e5 h6 8.Bh4 g5 9.exf6
gxh4 10.Ne5 Qxf6 11.a4 Bb7 12.Be2 Nd7 13.Nxd7 Kxd7 14.Bf3 a6 15.axb5 axb5
16.Rxa8 Bxa8 17.Qa1 Bb7 18.Qa7 Kc8 19.Nxb5 Qg5 {#R} 0-1

[Event "Ch Slovakia (team) 2001/02 (1 liga) West"]
[Site "masterchessopen.com Slovakia"]
[Round "4"]
[White "Hanko Pavol (SVK)"]
[Black "Janko Zoltan (SVK)"]
[Result "1-0"]
[WhiteElo "2236"]
[BlackElo "2175"]

1.d4 d5 2.Nf3 Nf6 3.c4 c6 4.Nc3 e6 5.Bg5 dxc4 6.e4 b5 7.e5 h6 8.Bh4 g5 9.exf6
gxh4 10.Ne5 h5 11.Be2 Bd6 12.f4 Nd7 13.Bxh5 Rh7 14.Nxf7 Rxf7 15.Bxf7+ Kf8
16.Bxe6 Qxf6 17.f5 h3 18.Qg4 hxg2 19.Rg1 Nb6 20.Rxg2 {#r} 1-0

[Event "It (open)"]
[Site "masterchessopen.com Zurich (Switzerland)"]
[Round "3"]
[White "Waffenschmidt Joachim (GER)"]
[Black "Agushi Agim (SUI)"]
[Result "1-0"]
[WhiteElo "2016"]
[BlackElo "2142"]

1.d4 d5 2.c4 c6 3.Nf3 Nf6 4.Nc3 e6 5.Bg5 dxc4 6.e4 b5 7.e5 h6 8.Bh4 g5 9.Nxg5
hxg5 10.Bxg5 Be7 11.exf6 Bxf6 12.Bxf6 Qxf6 13.g3 a6 14.Bg2 Bb7 15.Ne4 Qd8
16.Qf3 Qxd4 17.Rd1 Qe5 18.O-O Qc7 19.Qf6 O-O {#r} 1-0

[Event "It (cat.8)"]
[Site "masterchessopen.com Alushta (Ukraine)"]
[Round "12"]
[White "Pisakov Ilia (RUS)"]
[Black "Kozlov Viktor Mihail (RUS)"]
[Result "1-0"]
[WhiteElo "2338"]
[BlackElo "2319"]

1.d4 d5 2.c4 c6 3.Nf3 e6 4.Nc3 Nf6 5.Bg5 dxc4 6.e4 b5 7.e5 h6 8.Bh4 g5 9.Nxg5
hxg5 10.Bxg5 Nbd7 11.exf6 Bb7 12.g3 c5 13.d5 Nxf6 14.Bg2 Be7 15.O-O Nxd5
16.Bxe7 Kxe7 17.Nxb5 Qb6 18.Na3 Rh4 19.Qd2 Rg8 20.f4 Nxf4 21.Rxf4 Rxf4 22.Qxf4
Qxb2 23.Qd6+ {#r} 1-0

[Event "Memorial M.Najdorf (juniors) (under 18)"]
[Site "masterchessopen.com Buenos Aires (Argentina)"]
[Round "1"]
[White "Bulo Paulo (ARG)"]
[Black "Parma Pamela (ARG)"]
[Result "1-0"]
[WhiteElo "2147"]
[BlackElo "1893"]

1.d4 d5 2.c4 c6 3.Nc3 Nf6 4.Nf3 e6 5.Bg5 dxc4 6.e4 b5 7.e5 h6 8.Bh4 g5 9.Nxg5
hxg5 10.Bxg5 Nbd7 11.g3 Rg8 12.h4 Bb7 13.Bg2 b4 14.Na4 Rc8 15.exf6 Bd6 16.O-O
Qa5 17.Re1 Kd8 18.Nc5 Kc7 19.Ne4 Bf8 20.Bf4+ Kd8 21.Ng5 Ke8 22.Rxe6+ {#r} 1-0

[Event "Memorial M.Najdorf (open)"]
[Site "masterchessopen.com Buenos Aires (Argentina)"]
[Round "1"]
[White "Garcia Manuel (ARG)"]
[Black "Panelo Marcelo (ARG)"]
[Result "0-1"]
[WhiteElo "2085"]
[BlackElo "2342"]

1.d4 d5 2.c4 c6 3.Nc3 Nf6 4.Nf3 e6 5.Bg5 dxc4 6.a4 c5 7.e4 cxd4 8.Nxd4 Bb4
9.Bxf6 Qxf6 10.Bxc4 O-O 11.Ne2 Rd8 12.Qb3 Nc6 13.O-O Bd7 14.Rad1 Be8 15.Bb5
Bc5 16.Qc4 Bb6 17.b4 Ne5 18.Qb3 Ng4 19.a5 Bxf2+ 20.Kh1 Qe5 {#R} 0-1

[Event "It (open)"]
[Site "masterchessopen.com Collado Villalba (Spain)"]
[Round "7"]
[White "Longa Yauca Javier (PER)"]
[Black "Gonzalez De La Torre Sant (ESP)"]
[Result "0-1"]
[WhiteElo "2354"]
[BlackElo "2375"]

1.d4 d5 2.Nf3 Nf6 3.c4 c6 4.Nc3 e6 5.Bg5 dxc4 6.g3 b5 7.Bg2 Bb7 8.O-O Nbd7
9.Qc2 h6 10.Bxf6 Nxf6 11.a4 a6 12.e4 Be7 13.Rfd1 O-O 14.d5 exd5 15.exd5 Nxd5
16.Ne5 Qc7 17.Nxc6 Nxc3 18.Nxe7+ Qxe7 19.Bxb7 Ne2+ 20.Kf1 Qxb7 {#R} 0-1

[Event "Ch France (team) (2) 2001/02"]
[Site "masterchessopen.com France"]
[Round "11"]
[White "Paci Cedric (FRA)"]
[Black "Bonnet Edouard (FRA)"]
[Result "1-0"]
[WhiteElo "2231"]
[BlackElo "2128"]

1.Nf3 d5 2.c4 c6 3.d4 Nf6 4.Nc3 e6 5.Bg5 dxc4 6.a4 c5 7.e4 cxd4 8.Nxd4 Bc5
9.Ndb5 Qb6 10.a5 Bxf2+ 11.Ke2 Qc5 12.Qd6 Na6 13.e5 h6 14.Rd1 Bd7 15.exf6 O-O-O
16.fxg7 Qxg5 17.Kxf2 Qf6+ {#r} 1-0

[Event "Bayern Regionalliga Northwest 2001/02"]
[Site "masterchessopen.com Germany"]
[Round "9"]
[White "Braeutigam Thomas (GER)"]
[Black "Trefny Vlastimil (CZE)"]
[Result "0-1"]
[WhiteElo "2148"]
[BlackElo "2239"]

1.d4 d5 2.c4 c6 3.Nf3 Nf6 4.Nc3 e6 5.Bg5 dxc4 6.e4 b5 7.e5 h6 8.Bh4 g5 9.Nxg5
hxg5 10.Bxg5 Nbd7 11.exf6 Qb6 12.g3 Bb7 13.Bg2 c5 14.d5 O-O-O 15.O-O b4 16.Na4
Qb5 17.Re1 Nb8 18.dxe6 Rxd1 19.Bxb7+ Kxb7 20.Raxd1 fxe6 21.Rxe6 Qxa4 22.Rd8
Nc6 23.Rd7+ Kc8 24.Rd5 Nd4 25.b3 cxb3 26.axb3 Qa1+ {#R} 0-1

[Event "Bayern Regionalliga Southwest 2001/02"]
[Site "masterchessopen.com Germany"]
[Round "4"]
[White "Komljenovic Luka (GER)"]
[Black "Teich Udo (GER)"]
[Result "1-0"]
[WhiteElo "2201"]
[BlackElo "2104"]

1.d4 d5 2.Nf3 Nf6 3.c4 c6 4.Nc3 e6 5.Bg5 dxc4 6.e4 b5 7.e5 h6 8.Bh4 g5 9.exf6
gxh4 10.Ne5 Bb7 11.Nxf7 Kxf7 12.Qh5+ Kxf6 13.Qxh4+ Kg6 14.Qxd8 Na6 15.Qh4 Bb4
16.Be2 Rhg8 17.O-O-O Rg7 18.Bf3 Be7 19.Qe4+ Kf7 20.Bh5+ Kf8 21.f4 Nb4 22.Qxe6
Bc8 23.Qxh6 Bf5 24.Rhe1 Kg8 25.Rxe7 Rxg2 26.Bf7# 1-0

[Event "Ch France (juniors) (under 20)"]
[Site "masterchessopen.com Hyeres (France)"]
[Round "7"]
[White "Deleva Mickael (FRA)"]
[Black "Henneteau Jeremy (FRA)"]
[Result "0-1"]
[WhiteElo "2172"]
[BlackElo "2047"]

1.d4 d5 2.c4 e6 3.Nf3 Nf6 4.Nc3 c6 5.Bg5 dxc4 6.e4 b5 7.e5 h6 8.Bh4 g5 9.Nxg5
hxg5 10.Bxg5 Nbd7 11.exf6 Bb7 12.g3 Qb6 13.Bg2 O-O-O 14.O-O c5 15.d5 b4 16.Rb1
Qa6 17.dxe6 Bxg2 18.Re1 fxe6 19.f7 Bb7 20.Bxd8 bxc3 21.Bg5 Qc6 22.f3 c2
23.Qxc2 Qxf3 24.h4 Qh1+ {#R} 0-1

[Event "It (open)"]
[Site "masterchessopen.com Karvina (Czech Republic)"]
[Round "7"]
[White "Bulava Petr (CZE)"]
[Black "Blaszczok Grzegorz (POL)"]
[Result "0-1"]
[WhiteElo "2032"]
[BlackElo "2155"]

1.d4 d5 2.c4 c6 3.Nf3 Nf6 4.Nc3 e6 5.Bg5 dxc4 6.e4 b5 7.e5 h6 8.Bh4 g5 9.Nxg5
hxg5 10.Bxg5 Nbd7 11.g3 Qb6 12.exf6 Bb7 13.Bg2 O-O-O 14.O-O c5 15.d5 b4 16.Na4
Qa6 17.b3 c3 18.Be3 exd5 19.Bxd5 Ne5 20.f4 Rxd5 {#R} 0-1

[Event "Ch Sweden (team) 2002/03"]
[Site "masterchessopen.com Sweden"]
[Round "5"]
[White "Cramling Pia (SWE)"]
[Black "Hermansson Emil (SWE)"]
[Result "1-0"]
[WhiteElo "2492"]
[BlackElo "2387"]

1.d4 d5 2.c4 c6 3.Nf3 Nf6 4.Nc3 e6 5.Bg5 dxc4 6.e4 b5 7.e5 h6 8.Bh4 g5 9.exf6
gxh4 10.Ne5 Qxf6 11.a4 Bb7 12.axb5 c5 13.Be2 h3 14.Bf3 Bxf3 15.gxf3 Bg7 16.b6
a5 17.Qa4+ Ke7 18.Qxc4 Nd7 19.Ne4 Qf4 20.Nxd7 Bxd4 21.Ndxc5 Bxb2 22.Rd1 Rad8
23.Ke2 Rxd1 24.Rxd1 Qxh2 25.Rd7+ {#r} 1-0

[Event "Memorial A.Alekhine"]
[Site "masterchessopen.com Rio de Janeiro (Brazil)"]
[Date "2002.05.04"]
[Round "4"]
[White "Sommer Lopes (LID)"]
[Black "Brunner Alfonso (ESP)"]
[Result "0-1"]
[WhiteElo "2028"]
[BlackElo "2091"]

1.d4 d5 2.c4 c6 3.Nc3 e6 4.Nf3 Nf6 5.Bg5 dxc4 6.a4 Qa5 7.Bxf6 gxf6 8.Nd2 Bb4
9.Nce4 f5 10.Nf6+ Ke7 11.Nh5 c3 12.bxc3 Bxc3 13.Rc1 Bxd4 14.Qc2 Rd8 15.e3 Be5
16.Be2 Na6 17.Bxa6 Qxa6 18.Ng3 Qd3 19.Nc4 Qxc2 20.Rxc2 Bc7 21.a5 b5 22.axb6
axb6 23.Ne2 Ra1+ 24.Rc1 Rxc1+ 25.Nxc1 Ba6 26.Nd2 Be5 {#R} 0-1

[Event "Memorial David Garcia Ilundain (seniors)"]
[Site "masterchessopen.com Barcelona (Spain)"]
[Round "9"]
[White "Ridameya Tatche Jose (ESP)"]
[Black "Gomila Pons Alvaro (ESP)"]
[Result "1-0"]
[WhiteElo "2141"]
[BlackElo "2047"]

1.d4 d5 2.Nf3 Nf6 3.c4 e6 4.Bg5 c6 5.Nc3 dxc4 6.e4 b5 7.e5 h6 8.Bh4 g5 9.Nxg5
hxg5 10.Bxg5 Be7 11.exf6 Bxf6 12.Bxf6 Qxf6 13.g3 Bb7 14.Bg2 Na6 15.Nxb5 O-O-O
16.Nxa7+ Kb8 17.Nxc6+ Bxc6 18.Bxc6 Nb4 19.O-O Nxc6 20.Qa4 Qf3 21.Qd1 Qd5 22.f3
Nxd4 23.Rf2 Qc6 24.Qf1 {#r} 1-0

[Event "Ch Belgium (team) 2002/03"]
[Site "masterchessopen.com Belgium"]
[Round "9"]
[White "Piceu Tom (BEL)"]
[Black "Hautot Stephane (BEL)"]
[Result "1-0"]
[WhiteElo "2306"]
[BlackElo "2328"]

1.d4 d5 2.c4 c6 3.Nf3 Nf6 4.Nc3 e6 5.Bg5 dxc4 6.e4 b5 7.e5 h6 8.Bh4 g5 9.exf6
gxh4 10.Ne5 Qxf6 11.g3 Nd7 12.Qe2 Bb7 13.Bg2 a6 14.O-O Bb4 15.Ne4 Qf5 16.f4
O-O-O 17.g4 Qh7 18.a4 Qg7 19.axb5 cxb5 20.Nd6+ Bxd6 21.Bxb7+ Kc7 22.Qe4 Nb8
23.Bxa6 Bxe5 24.Qb7+ Kd6 {#r} 1-0

[Event "Ch Serbia & Montenegro (team) (2 league)"]
[Site "masterchessopen.com Belgrade (Yugoslavia)"]
[Round "2"]
[White "Zivanic Marko (SRB)"]
[Black "Lukic Dragan (SRB)"]
[Result "1-0"]
[WhiteElo "2435"]
[BlackElo "2248"]

1.d4 d5 2.c4 e6 3.Nc3 c6 4.Nf3 Nf6 5.Bg5 dxc4 6.e4 b5 7.a4 Qb6 8.Bxf6 gxf6
9.Be2 Nd7 10.O-O a6 11.b3 b4 12.a5 Qc7 13.Na4 c3 14.Bc4 Bb7 15.d5 cxd5 16.exd5
O-O-O 17.Qe2 Ne5 18.Bxa6 Nxf3+ 19.gxf3 Rg8+ 20.Kh1 Rg5 21.Bxb7+ Kxb7 22.a6+
Ka8 23.Qe3 {#r} 1-0

[Event "It (cat.4)"]
[Site "masterchessopen.com Dos Hermanas (Spain)"]
[Round "9"]
[White "Komljenovic Davor (CRO)"]
[Black "Razmyslov Alexander (UKR)"]
[Result "1-0"]
[WhiteElo "2479"]
[BlackElo "2311"]

1.d4 d5 2.c4 c6 3.Nf3 Nf6 4.Nc3 e6 5.Bg5 dxc4 6.e4 b5 7.e5 h6 8.Bh4 g5 9.Nxg5
hxg5 10.Bxg5 Nbd7 11.exf6 Bb7 12.g3 Qb6 13.Bg2 O-O-O 14.O-O c5 15.d5 b4 16.Na4
Qb5 17.a3 Nb8 18.axb4 cxb4 19.Qd4 Rxd5 20.Qxa7 Rxg5 21.Nb6+ Qxb6 22.Qxb6 Bxg2
23.Ra7 Bd6 24.Kxg2 {#r} 1-0

[Event "It (open)"]
[Site "masterchessopen.com Erandio (Spain)"]
[Round "7"]
[White "Veingold Aleksandr (EST)"]
[Black "Uria Ramirez Aitor (ESP)"]
[Result "1-0"]
[WhiteElo "2473"]
[BlackElo "2025"]

1.d4 d5 2.Nf3 Nf6 3.c4 c6 4.Nc3 e6 5.Bg5 dxc4 6.e4 b5 7.a4 b4 8.Bxf6 gxf6
9.Ne2 Qa5 10.Nd2 Ba6 11.Qc1 b3 12.Nc3 Bh6 13.Ncb1 Qg5 14.g3 e5 15.Bxc4 Bxc4
16.Qxc4 exd4 17.Nxb3 Qe5 18.O-O Qxe4 19.Nc3 Qg6 20.Rfe1+ Kf8 21.Qxd4 Kg7
22.Nc5 Rf8 23.Re4 Kh8 24.Rae1 Bg7 25.Re8 {#r} 1-0

[Event "Ch France (juniors) (under 14)"]
[Site "masterchessopen.com France"]
[Round "4"]
[White "Innocente Nicolas (FRA)"]
[Black "Ailloud Eliot (FRA)"]
[Result "1-0"]
[WhiteElo "2007"]
[BlackElo "2010"]

1.d4 d5 2.c4 e6 3.Nf3 Nf6 4.Nc3 c6 5.Bg5 dxc4 6.a4 Bb4 7.Qc2 h6 8.Bh4 g5 9.Bg3
g4 10.Nd2 Qxd4 11.e3 Qc5 12.Nxc4 Qe7 13.Rd1 O-O 14.h3 b5 15.Ne5 Nbd7 16.Nxd7
Bxd7 17.hxg4 Kg7 18.Be5 bxa4 19.g5 {#r} 1-0

[Event "It (open) (juniors) (under 20)"]
[Site "masterchessopen.com Hengelo (Netherlands)"]
[Round "6"]
[White "Porte Henrik (NED)"]
[Black "Veltman Jelmer (NED)"]
[Result "1-0"]
[WhiteElo "2131"]
[BlackElo "2122"]

1.d4 d5 2.c4 e6 3.Nc3 Nf6 4.Bg5 c6 5.Nf3 dxc4 6.e4 b5 7.e5 h6 8.Bh4 g5 9.Nxg5
Nd5 10.Nf3 Qa5 11.Qd2 Bb4 12.Rc1 Nd7 13.Be2 c5 14.O-O Bb7 15.Qc2 cxd4 16.Nxd4
Bxc3 17.bxc3 Nxe5 18.Qe4 Rg8 19.Qxe5 Ne3 20.Bf3 Bxf3 21.Nxf3 Nxf1 22.Qd6 Rg5
23.Bxg5 hxg5 {#r} 1-0

[Event "Spartakiada Russia (juniors)"]
[Site "masterchessopen.com Kazan (Russia)"]
[Round "0"]
[White "Kim Igor (RUS)"]
[Black "Keosidi Konstantin (RUS)"]
[Result "0-1"]
[WhiteElo "2257"]
[BlackElo "2266"]

1.d4 d5 2.c4 c6 3.Nc3 Nf6 4.Nf3 e6 5.Bg5 dxc4 6.e4 b5 7.e5 h6 8.Bh4 g5 9.Nxg5
hxg5 10.Bxg5 Nbd7 11.g3 Bb7 12.Bg2 Qb6 13.exf6 O-O-O 14.O-O c5 15.d5 b4
16.dxe6 Bxg2 17.Kxg2 Qxe6 18.Qd5 bxc3 19.Qa8+ Nb8 20.Qxa7 Qh3+ {#R} 0-1

[Event "Spartakiada Russia (juniors)"]
[Site "masterchessopen.com Kazan (Russia)"]
[Round "0"]
[White "Kim Igor (RUS)"]
[Black "Yudin Sergei (RUS)"]
[Result "0-1"]
[WhiteElo "2257"]
[BlackElo "2419"]

1.d4 d5 2.c4 e6 3.Nc3 c6 4.Nf3 Nf6 5.Bg5 dxc4 6.e4 b5 7.e5 h6 8.Bh4 g5 9.Nxg5
hxg5 10.Bxg5 Nbd7 11.Qf3 Rg8 12.h4 Bb7 13.a4 Qb6 14.exf6 Bb4 15.Be3 O-O-O
16.Rg1 c5 17.dxc5 Qa5 18.c6 Bxc3+ 19.Ke2 Bxb2 20.cxb7+ Kb8 21.Rb1 c3 22.Qc6
Qxa4 23.g4 Qc2+ 24.Kf3 Ne5+ {#R} 0-1

[Event "It (open)"]
[Site "masterchessopen.com Liechtenstein"]
[Round "2"]
[White "Kelecevic Nedeljko (SUI)"]
[Black "Riemelmoser Oliver (AUT)"]
[Result "1-0"]
[WhiteElo "2393"]
[BlackElo "2134"]

1.d4 e6 2.c4 Nf6 3.Nf3 d5 4.Nc3 c6 5.Bg5 dxc4 6.a4 Bb4 7.e4 Bxc3+ 8.bxc3 Qa5
9.e5 Ne4 10.Bd2 Qd5 11.Qb1 b5 12.Be2 a6 13.O-O Nxd2 14.Nxd2 Qd7 15.Bf3 Bb7
16.Ne4 O-O 17.axb5 axb5 18.Rxa8 Bxa8 19.Qa2 Bb7 20.Nc5 Qc8 21.Qa7 Ba6 22.Ra1
b4 23.Nxa6 Nxa6 24.Qxa6 Qxa6 25.Rxa6 b3 26.Kf1 {#r} 1-0

[Event "It (open)"]
[Site "masterchessopen.com Ljubljana (Slovenia)"]
[Round "6"]
[White "Jelen Igor (SLO)"]
[Black "Kozamernik Janez (SLO)"]
[Result "1-0"]
[WhiteElo "2346"]
[BlackElo "2181"]

1.d4 d5 2.c4 c6 3.Nf3 Nf6 4.Nc3 e6 5.Bg5 dxc4 6.e4 b5 7.e5 h6 8.Bh4 g5 9.Nxg5
hxg5 10.Bxg5 Nbd7 11.exf6 Bb7 12.g3 c5 13.d5 Bh6 14.Bxh6 Rxh6 15.Qd2 Qxf6
16.O-O-O Kf8 17.h4 Ne5 18.Qe3 Rc8 19.Ne4 Ng4 20.Qe2 Qg6 21.Nd6 Rb8 22.Nxb7
Rxb7 23.Bh3 f5 24.f3 {#r} 1-0